Mamíferos de la península ibérica, visu animales dificil - Estadísticas

Estadísticas generales
  • Esta prueba ha sido intentada 39 veces
  • La puntuación promedio es 42 de 112
Estadísticas de respuestas
Imagen Respuesta % Correcto
Erizo común
95%
Topo común
90%
Ardilla roja
86%
Conejo
86%
Liebre europea
86%
Nutria europea
86%
Zorro rojo
86%
Castor europeo
81%
Ciervo rojo
81%
Jabalí
81%
Lince ibérico
81%
Lobo (ibérico)
81%
Mapache boreal
81%
Murciélago enano o común
81%
Musaraña bicolor o conún
81%
Oso pardo
81%
Ratón casero
81%
Delfín común
76%
Orca
76%
Tejón europeo
76%
Cabra montés
71%
Corzo
71%
Gato montés
71%
Marmota alpina
71%
Gamo común
67%
Cachalote
57%
Comadreja común
57%
Gineta
57%
Muflón
57%
Desmán ibérico
52%
Calderón común
48%
Foca monje del mediterráneo
48%
Garduña
48%
Liebre ibérica
48%
Lirón careto
48%
Marta
48%
Meloncillo
48%
Ratón de campo
48%
Delfín mular
43%
Rorcual común
43%
Topo ibérico
43%
Visón europeo
43%
Chacal común o dorado
38%
Delfín listado
38%
Rata negra
38%
Rebeco
38%
Visón americano
38%
Armiño
33%
Erizo moruno
33%
Murciélago grande de herradura
33%
Murciélago mediano de herradura
33%
Murciélago mediterráneo de herradura
33%
Murciélago pequeño de herradura
33%
Rata de agua
33%
Rata gris
33%
Turón
33%
Lirón gris
29%
Marsopa común
29%
Murciélago ratonero bigotudo
29%
Murciélago ratonero bigotudo pequeño
29%
Murciélago ratonero forestal
29%
Murciélago ratonero grande
29%
Murciélago ratonero gris
29%
Murciélago ratonero gris ibérico
29%
Murciélago ratonero gris itálico
29%
Murciélago ratonero mediano
29%
Murciélago ratonero pardo
29%
Murciélago ratonero patudo
29%
Murciélago ratonero ribereño
29%
Musaraña gris
29%
Musaraña ibérica
29%
Orejudo alpino
29%
Orejudo dorado
29%
Orejudo gris
29%
Rata almizclera
29%
Arruí
24%
Calderón gris
24%
Coipú
24%
Musaraña enana
24%
Zifio de Cuvier
24%
Liebre de piornal
19%
Macaco de Berbería
19%
Ratón espiguero
14%
Delfín de hocico estrecho
10%
Murciélago de cueva
10%
Murciélago del bosque
10%
Nóctulo grande
10%
Nóctulo mediano
10%
Nóctulo pequeño
10%
Topillo campesino
10%
Murciélago de borde claro
5%
Murciélago de Cabrera
5%
Murciélago de Nathusius
5%
Murciélago hortelano
5%
Murciélago hortelano mediterráneo
5%
Murciélago montañero
5%
Murciélago rabudo
5%
Musaraña de campo
5%
Musaraña tricolor
5%
Musgaño de Cabrera
5%
Musgaño enano
5%
Musgaño patiblanco
5%
Rata topera
5%
Ratón leonado
5%
Ratón moruno
5%
Topillo agreste
5%
Topillo de Cabrera
5%
Topillo lusitano
5%
Topillo mediterráneo
5%
Topillo nival
5%
Topillo pirenaico
5%
Topillo rojo
5%
No se encontraron pruebas coincidentes
Distribución de puntuación
Porcentaje de gente con cada puntuación
Porcentaje por número respondido
Historial de tus puntuaciones
No has intentado esta prueba.